000 00617 a2200169 4500
999 _c2415
_d2415
020 _a9781853394263
050 _aHN 831 HON 1998
245 _aHometown Associations:
_bIndigenous knowledge and development in Nigeria/
_cedited by Rex Honey and Stanley I. Okafor
264 _aLondon:
_bIntermediate Technology Publications,
_c1998.
300 _a168 p.:
_bill.
440 _aIT Studies in indigenous knowledge and development
500 _aIncludes notes and bibliography
650 _aHometown associations
700 _aHoney, Rex
_eeditor
700 _aOkafor, Stanley
_eeditor
942 _2lcc
_cBK
_h831.A17
_iHON
_kHN